Visualizzazione normale
Vista MARC
- Restagno Enzo
di Personal Name
Records bibliografici associati: 1
001 - CONTROL NUMBER
- control field: 15806
003 - CONTROL NUMBER IDENTIFIER
- control field: IT-RoPau
005 - DATE AND TIME OF LATEST TRANSACTION
- control field: 20140312105643.0
008 - FIXED-LENGTH DATA ELEMENTS
- fixed length control field: 140312|| aca||aabn | a|a d
040 ## - CATALOGING SOURCE
- Original cataloging agency: IT-RoPau
- Transcribing agency: IT-RoPau
100 ## - HEADING--PERSONAL NAME
- Personal name: Restagno Enzo
- Dates associated with a name: Codice autore SPICS: 11113
- Relator term: Autore
670 ## - SOURCE DATA FOUND
- Source citation: Work cat.: (IT-RoPau)100898: Restagno Enzo 14371, Biennale musica 1985: Europa 50/80 generazioni a confronto-9